ბათუმის შოთა რუსთაველის სახელმწიფო უნივერსიტეტის ბიბლიოთეკა

История Экономических учений (ბიბ.ჩანაწერი № 37093)

000 -LEADER
fixed length control field 00677nam a2200253Ia 4500
001 - CONTROL NUMBER
control field 3049
003 - CONTROL NUMBER IDENTIFIER
control field GE_BSU
008 - FIXED-LENGTH DATA ELEMENTS--GENERAL INFORMATION
fixed length control field 181216s||||||||xx |||||||||||||| ||und||
020 ## - INTERNATIONAL STANDARD BOOK NUMBER
International Standard Book Number 5862254870
040 ## - CATALOGING SOURCE
Transcribing agency GE_BSU
080 ## - UNIVERSAL DECIMAL CLASSIFICATION NUMBER
Universal Decimal Classification number 330.1(075.8)
100 ## - MAIN ENTRY--PERSONAL NAME
Personal name Ядгаров, Я.С.
245 ## - TITLE STATEMENT
Title История Экономических учений
250 ## - EDITION STATEMENT
Edition statement 2-е издание
260 ## - PUBLICATION, DISTRIBUTION, ETC.
Place of publication, distribution, etc. Москва
260 ## - PUBLICATION, DISTRIBUTION, ETC.
Name of publisher, distributor, etc. ИНФРА-М
260 ## - PUBLICATION, DISTRIBUTION, ETC.
Date of publication, distribution, etc. 1997
300 ## - PHYSICAL DESCRIPTION
Extent 288 ст. 21 см.
653 ## - INDEX TERM--UNCONTROLLED
Uncontrolled term История Экономических учений
653 ## - INDEX TERM--UNCONTROLLED
Uncontrolled term Экономика
653 ## - INDEX TERM--UNCONTROLLED
Uncontrolled term ეკონომიკა
942 ## - ADDED ENTRY ELEMENTS (KOHA)
Koha item type წიგნი
ეგზემპლარები
Withdrawn status Lost status Damaged status Not for loan Date acquired Barcode Date last seen Price effective from Koha item type Public note
        2018-12-17 7863 2018-12-17 2018-12-17 წიგნი დარბაზი
        2018-12-17 7864 2018-12-17 2018-12-17 წიგნი დარბაზი
        2018-12-17 8118 2018-12-17 2018-12-17 წიგნი დარბაზი